Errate den Songtext ohne das Lied zu kennen #16 - Statistiken

Allgemein
  • Dieses Quiz wurde 508 mal gespielt
  • Das Durchschnittsergebnis liegt bei 117 aus 323
Antwortstatistiken
Antwort % Korrekt
I
99%
a
91%
you
86%
the
79%
The
79%
me
72%
me,
72%
me)
72%
It
69%
it
69%
be
62%
and
59%
And
59%
When
58%
in
57%
my
56%
to
53%
is
52%
on
51%
She
51%
hear
50%
hi,
49%
hi
49%
(hi),
49%
I'm
48%
(I'm
48%
your
48%
where
47%
will
47%
have
45%
for
44%
of
44%
It's
42%
it's
42%
this
40%
At
38%
at
38%
time)
38%
time,
38%
time
38%
(time),
38%
never
37%
problem,
37%
like
35%
Like
35%
They
35%
not
33%
but
32%
everybody
31%
(everybody
31%
dream
30%
get
30%
us
30%
All
28%
feel
28%
One
28%
anti-hero
27%
tea
27%
(tea)
27%
thing
27%
agrees
26%
agrees,
26%
agrees)
26%
baby
26%
there
26%
up
26%
sun
25%
with
25%
as
24%
just
24%
old
24%
you're
24%
always
23%
day
23%
must
23%
some
23%
Too
23%
heart,
22%
them
21%
end
20%
from
20%
got
19%
mirror
19%
older
18%
left
17%
come
16%
directly
16%
hell"
16%
I'll
16%
out,
16%
out
16%
stare
16%
Did
15%
exhausting
15%
money
15%
stand
15%
wiser
15%
'Cause
14%
should
14%
become
13%
daughter
13%
people
13%
rooting
13%
monster
12%
room
12%
sexy
12%
wake
12%
afternoons
11%
big
11%
depression
11%
I've
11%
kills
11%
Midnights
11%
Sometimes
11%
thinks
11%
dreaming
10%
family
10%
hill
10%
in-law
10%
own
10%
screaming
10%
watch
10%
leaving
9%
"She's
9%
city
8%
devices
8%
graveyard
8%
kind
8%
prices
8%
shift
8%
someone
8%
tired
8%
works
8%
crisis
7%
laughing
7%
screams
7%
vices
7%
everbody
6%
gathers
6%
ghosted
6%
hang
6%
killed
6%
scheming
6%
slowly
6%
(tale
6%
(Tale
6%
through
6%
altruism
5%
disguise
5%
favorite
5%
lurching
5%
narcissism
5%
'round
5%
toward
5%
congressman?
4%
covert
4%
pierced
4%
reads
4%
Ir
2%
Keine übereinstimmenden Quizze gefunden
Verteilung der Resultate
Anzahl Personen mit jedem Resultat
Perzentil nach korrekt beantworteten Fragen
Ihre Resultats-Entwicklung
Sie haben dieses Quiz noch nicht gespielt